Supplemental agreement CIC/NovAgr/Ewa (Record no. 103493)
[ view plain ]
| 000 -LEADER | |
|---|---|
| fixed length control field | 01157cam a2200277 4500 |
| 001 - CONTROL NUMBER | |
| control field | J125883 |
| 008 - FIXED-LENGTH DATA ELEMENTS--GENERAL INFORMATION | |
| fixed length control field | 040420n2004 000 0 eng u |
| 035 ## - SYSTEM CONTROL NUMBER | |
| System control number | (Sirsi) u125883 |
| 041 ## - LANGUAGE CODE | |
| Language code of text/sound track or separate title | eng |
| 050 ## - LIBRARY OF CONGRESS CALL NUMBER | |
| Classification number | 692.8 |
| -- | 18 |
| 110 ## - MAIN ENTRY--CORPORATE NAME | |
| Corporate name or jurisdiction name as entry element | Construction Industry Council |
| 9 (RLIN) | 2417 |
| 245 ## - TITLE STATEMENT | |
| Title | Supplemental agreement CIC/NovAgr/Ewa |
| Medium | [electronic resource] |
| 250 ## - EDITION STATEMENT | |
| Edition statement | 1st ed. |
| 260 ## - PUBLICATION, DISTRIBUTION, ETC. | |
| Place of publication, distribution, etc. | London |
| Name of publisher, distributor, etc. | CIC |
| Date of publication, distribution, etc. | 2004 |
| 520 ## - SUMMARY, ETC. | |
| Summary, etc. | The standard form of agreement for use where, following the novation of a consultant from an employer to a design and build contractor, a warranty is to be given by the consultant to the employer. The "Supplemental agreement" is only suitable for use with the CIC "Novation agreement CIC/NovAgr" (ISBN 1898671362). |
| 650 ## - SUBJECT ADDED ENTRY--TOPICAL TERM | |
| Topical term or geographic name entry element | STANDARD FORMS OF AGREEMENT |
| 650 ## - SUBJECT ADDED ENTRY--TOPICAL TERM | |
| Topical term or geographic name entry element | CIC/NOVAGR/EWA |
| 650 ## - SUBJECT ADDED ENTRY--TOPICAL TERM | |
| Topical term or geographic name entry element | NOVATION |
| 650 ## - SUBJECT ADDED ENTRY--TOPICAL TERM | |
| Topical term or geographic name entry element | CONSULTANTS |
| 650 ## - SUBJECT ADDED ENTRY--TOPICAL TERM | |
| Topical term or geographic name entry element | WARRANTIES |
| 650 ## - SUBJECT ADDED ENTRY--TOPICAL TERM | |
| Topical term or geographic name entry element | EMPLOYERS |
| 650 ## - SUBJECT ADDED ENTRY--TOPICAL TERM | |
| Topical term or geographic name entry element | DESIGN AND BUILD CONTRACTORS |
| 690 ## - LOCAL SUBJECT ADDED ENTRY--TOPICAL TERM (OCLC, RLIN) | |
| Topical term or geographic name as entry element | BUILT ENVIRONMENT-BUILDING CONTRACT FORMS |
| 856 ## - ELECTRONIC LOCATION AND ACCESS | |
| Uniform Resource Identifier | <a href="https://www.cic.org.uk/activities/Novation_supplemental.pdf">https://www.cic.org.uk/activities/Novation_supplemental.pdf</a> |
| Public note | View the "Supplemental agreement" at www.cic.org.uk |
| 942 ## - ADDED ENTRY ELEMENTS (KOHA) | |
| Suppress in OPAC | 0 |
| Withdrawn status | Lost status | Source of classification or shelving scheme | Damaged status | Not for loan | Home library | Current library | Shelving location | Date acquired | Total Checkouts | Full call number | Barcode | Date last seen | Copy number | Price effective from | Koha item type |
|---|---|---|---|---|---|---|---|---|---|---|---|---|---|---|---|
| Dewey Decimal Classification | Virtual | Virtual | Online | 20/04/2004 | ONLINE PUBLICATION | 125883-2001 | 06/08/2019 | 1 | 06/08/2019 | Book |